000 01164nam0a22003011 4500
001 rc\4795581
005 20250612220008.0
021 _aRU
_b[64-59549]
035 _a(NLR Aleph) 008868936
090 _a8508870
_c8508870
100 _a20130426d1964 |||y0rusy50 ca
101 0 _arus
102 _aRU
105 _ay z |||||
200 1 _aКибернетика и религия
_fПод науч. ред. акад. Э. Кольмана
210 _aМосква
_cЗнание
_d1964
215 _a64 с.
_d21
225 1 _aНовое в жизни, науке, технике
_h12 серия
_iЕстествознание и религия
_v7
300 _aПеред загл. авт.: канд. филос. наук С. Шалютин
606 _aНаука и религия
_2psbo
606 _aКибернетика
_2psbo
700 1 _aШалютин
_bС.М.
_gСоломон Михайлович
702 1 _4070
_7ca
_8rus
_aКольман
_bЭ. Я.
_f1892-1979
_gЭрнест Яромирович
_9269400
_3RU\NLR\AUTH\770269456
801 0 _aRU
_bNLR
_gpsbo
801 1 _aRU
_bELAR
_2rusmarc
852 _aNLR
_j64-6/8619
942 _cBOOK
980 _aNB